The noble scholar, jurist, historian


 His Excellency Dr. Abdul Wahhab bin Ibrahim Abu Sulaiman, may Allah have mercy on him.


 He was born in Umm Al-Qura in the year 1356 AH.

ركائز أساسية لبناء شبكة وطنية نموذجية للنقل المدرسي في المملكة العربية السعودية / (Record no. 7933)

MARC details
000 -LEADER
fixed length control field 01641cam a22003251i 4500
003 - CONTROL NUMBER IDENTIFIER
control field SA-RiAUC
005 - DATE AND TIME OF LATEST TRANSACTION
control field 20250515065056.0
008 - FIXED-LENGTH DATA ELEMENTS--GENERAL INFORMATION
fixed length control field 250513s1996 su g b f000 0 ara c
020 ## - INTERNATIONAL STANDARD BOOK NUMBER
International Standard Book Number 9960030814
040 ## - CATALOGING SOURCE
Original cataloging agency SA-RiAUC
Language of cataloging ara
Transcribing agency SA-RiAUC
Description conventions rda
043 ## - GEOGRAPHIC AREA CODE
Geographic area code a-su---
050 #4 - LIBRARY OF CONGRESS CALL NUMBER
Item number .M28 1995
082 04 - DEWEY DECIMAL CLASSIFICATION NUMBER
Classification number 371.87209531
Assigning agency SA-RiAUC
090 ## - LOCALLY ASSIGNED LC-TYPE CALL NUMBER (OCLC); LOCAL CALL NUMBER (RLIN)
Classification number (OCLC) (R) ; Classification number, CALL (RLIN) (NR) 371.87209531
Local cutter number (OCLC) ; Book number/undivided call number, CALL (RLIN) م ط ي
100 1# - MAIN ENTRY--PERSONAL NAME
Personal name المطير، عامر ناصر،
Dates associated with a name 1372 هجري-
Relator term مؤلف.
245 10 - TITLE STATEMENT
Title ركائز أساسية لبناء شبكة وطنية نموذجية للنقل المدرسي في المملكة العربية السعودية /
Statement of responsibility, etc. تأليف عامر ناصر المطير، رشود بن محمد الخريف، محمد سعد المقري.
264 #1 - PRODUCTION, PUBLICATION, DISTRIBUTION, MANUFACTURE, AND COPYRIGHT NOTICE
Place of production, publication, distribution, manufacture مكة المكرمة :
Name of producer, publisher, distributor, manufacturer وزارة التعليم العالي، جامعة أم القرى، معهد البحوث العلمية وإحياء التراث الإسلامي، مركز بحوث العلوم الاجتماعية،
Date of production, publication, distribution, manufacture, or copyright notice 1996
300 ## - PHYSICAL DESCRIPTION
Extent 30 صفحة ؛
Dimensions 24 سم.
336 ## - CONTENT TYPE
Content type term نص
Content type code txt
Source rdacontent
Materials specified كتاب
337 ## - MEDIA TYPE
Media type term بدون وسيط
Media type code n
Source rdamedia
338 ## - CARRIER TYPE
Carrier type term مجلد
Carrier type code nc
Source rdacarrier
490 0# - SERIES STATEMENT
Series statement سلسلة بحوث العلوم الاجتماعية ؛
International Standard Serial Number 13193732
504 ## - BIBLIOGRAPHY, ETC. NOTE
Bibliography, etc. note ببليوجرافية : صفحة 29-30.
650 #7 - SUBJECT ADDED ENTRY--TOPICAL TERM
Topical term or geographic name entry element النقل
Geographic subdivision السعودية
Source of heading or term aucsh
650 #7 - SUBJECT ADDED ENTRY--TOPICAL TERM
Topical term or geographic name entry element المدارس
Geographic subdivision السعودية
Source of heading or term aucsh
700 1# - ADDED ENTRY--PERSONAL NAME
Personal name الخريف، رشود بن محمد بن رشود،
Dates associated with a name 1376 هجري-
Relator term مؤلف.
700 1# - ADDED ENTRY--PERSONAL NAME
Personal name المقري، محمد سعد
Relator term مؤلف.
942 ## - ADDED ENTRY ELEMENTS (KOHA)
Source of classification or shelving scheme Dewey Decimal Classification
Koha item type Books
Suppress in OPAC No
949 ## - LOCAL PROCESSING INFORMATION (OCLC)
a SA-JeALM
d 250513
u mohamedma123
n 1
Holdings
Withdrawn status Lost status Source of classification or shelving scheme Damaged status Not for loan Home library Current library Date acquired Total checkouts Full call number Barcode Date last seen Price effective from Koha item type
    Dewey Decimal Classification     DR AbdElwahab Library DR AbdElwahab Library 05/15/2025   371.87209531 م ط ي 000013030 05/15/2025 05/15/2025 Books
    Dewey Decimal Classification     DR AbdElwahab Library DR AbdElwahab Library 10/04/2025   371.87209531 م ط ي 000019645 10/04/2025 10/04/2025 Books